| 000 | 00382nam a22001577a 4500 | ||
|---|---|---|---|
| 003 | CEME | ||
| 005 | 20260108152119.0 | ||
| 008 | 210308b xxu||||| |||| 00| 0 eng d | ||
| 040 | _c. | ||
| 082 | _a620.0011 KAR | ||
| 100 |
_aRosenberg Margolis Krnopp _966969 |
||
| 245 | _aSystem dynamic unifeed approach | ||
| 250 | _a2ND | ||
| 260 |
_aRAWALPINDI _bPDF _c1990 |
||
| 942 |
_cBK _2ddc |
||
| 999 |
_c574828 _d574828 |
||